| 000 | 01543nam a2200361Ia 4500 | ||
|---|---|---|---|
| 001 | ebr10380160 | ||
| 003 | CaPaEBR | ||
| 006 | m u | ||
| 007 | cr cn||||||||| | ||
| 008 | 060217s2006 ne a sb 100 0 eng d | ||
| 020 | _z9789042017382 | ||
| 020 | _z9042017384 | ||
| 040 |
_aCaPaEBR _cCaPaEBR |
||
| 035 | _a(OCoLC)70875168 | ||
| 050 | 1 | 4 |
_aP98.3 _b.I58 2003eb |
| 111 | 2 |
_aInternational ICAME Conference _n(24th : _d2003 : _cGuernsey, Channel Islands) |
|
| 245 | 1 | 4 |
_aThe changing face of corpus linguistics _h[electronic resource] / _cedited by Antoinette Renouf and Andrew Kehoe. |
| 260 |
_aAmsterdam ; _aNew York : _bRodopi, _c2006. |
||
| 300 |
_a408 p. : _bill. |
||
| 490 | 1 |
_aLanguage and computers ; _vno. 55 |
|
| 504 | _aIncludes bibliographical references. | ||
| 533 |
_aElectronic reproduction. _bPalo Alto, Calif. : _cebrary, _d2011. _nAvailable via World Wide Web. _nAccess may be limited to ebrary affiliated libraries. |
||
| 650 | 0 |
_aComputational linguistics _vCongresses. |
|
| 650 | 0 |
_aDiscourse analysis _xData processing _vCongresses. |
|
| 650 | 0 |
_aEnglish language _xResearch _xData processing _vCongresses. |
|
| 650 | 0 |
_aEnglish language _xDiscourse analysis _xData processing _vCongresses. |
|
| 655 | 7 |
_aElectronic books. _2local |
|
| 700 | 1 | _aRenouf, Antoinette. | |
| 700 | 1 | _aKehoe, Andrew. | |
| 710 | 2 | _aebrary, Inc. | |
| 830 | 0 |
_aLanguage and computers ; _vno. 55. |
|
| 856 | 4 | 0 |
_uhttp://site.ebrary.com/lib/rucke/Doc?id=10380160 _zAn electronic book accessible through the World Wide Web; click to view |
| 999 |
_c100977 _d100977 |
||